000 00434nam a2200169Ia 4500
005 20250224015729.0
008 240331s9999 xx 000 0 und d
082 _bSAR
_23065
_a954
100 _aSarkar, S
245 0 _aVankala Marumalarchchi:
_bMuthaliya Katturaikal
260 _aChennai
_bNew Century Book House
_c1988
300 _avi, 356 p.,
650 _aRevolution
650 _aEssays
650 _aRenaissance
942 _cL
999 _c4267
_d4267